| 000 | 01010nam a2200289 a 4500 | ||
|---|---|---|---|
| 003 | MX-MxUPN | ||
| 005 | 20241112063715.0 | ||
| 008 | 190404s2018 bl a fr 000 0 por d | ||
| 020 | _a9788544425800 | ||
| 035 | _aUPN01000230140 | ||
| 040 |
_aMX-MxUPN _bspa _cMX-MxUPN |
||
| 041 | 0 | _apor | |
| 050 | 1 | 4 |
_aCT25 _bA86 2018 |
| 245 | 0 | 0 |
_aAtos de biogr@far : _bnarrativas digitais, história, literatura e artes |
| 246 | 1 | 3 | _aAtos de biografar |
| 260 |
_aCuritiba, Brasil : _bEditora CRV, _c2018. |
||
| 300 |
_a293 páginas : _bilustraciones |
||
| 490 | 0 |
_aPesquisa (auto)biográfica, mobilidades, incertezas e refigurações identitárias ; _v2 |
|
| 650 | 4 |
_aAutobiografía _947175 |
|
| 650 | 4 |
_aNarración digital de cuentos _951310 |
|
| 700 | 1 |
_aMignot, Ana Chrystina Venancio _951306 _ecoordinación |
|
| 700 | 1 |
_aMoraes, Distane Zerbinatti _951307 _ecoordinación |
|
| 700 | 1 |
_aMartins, Raimundo _951309 _ecoordinación |
|
| 902 | _aVíctor Ruiz/070324 | ||
| 942 |
_2lcc _cLIBRO |
||
| 999 |
_c202235 _d202235 |
||